000 nam a22 7a 4500
999 _c3863
_d3863
005 20170524100239.0
008 170524b1986 ny ||||| |||| 00| 0 eng d
020 _a0394337964 (pbk.) :
_c$12.95
040 _aAKMAL
082 _a808.042 SCH
090 _a808.042
_bSCH
100 1 _aSchor, Sandra.
_97624
245 1 4 _aThe Random House guide to writing /
_cSandra Schor, Judith Summerfield.
250 _a3rd ed.
260 _aNew York :
_bRandom House,
_cc1986
300 _axxii, 471 p. :
_b ill. ;
_c24 cm
500 _a Includes index.
650 0 _aEnglish language
_xRhetoric.
_91467
650 0 _aEnglish language
_xGrammar
_94827
650 0 _aCollege readers.
_91469
650 0 _aReport writing.
_94861
700 1 _aSummerfield, Judith,
_d 1941-
_97625
942 _2ddc
_cBOOK